[Event "AUTO-MASTER-3300"]
[Site "http://www.queenalice.com/game.php?id=1871456"]
[Date "2026.4.5"]
[Round "1"]
[White "chessman"]
[Black "Guilherme_Ottoni"]
[Result "0-1"]
[WhiteElo "1999"]
[BlackElo "2225"]

1. e4 e5 2. Nf3 Nc6 3. Bc4 Nf6 4. Ng5 d5 5. exd5 Na5 6. Qe2 Nxc4 7. Qxc4 Qxd5 8.
Qxd5 Nxd5 9. c3 f6 10. Nf3 Nf4 11. O-O Nd3 12. Ne1 Nxc1 13. d3 Ne2+ 14. Kh1 Nf4
0-1

[Event "AUTO-MASTER-3300"]
[Site "http://www.queenalice.com/game.php?id=1871457"]
[Date "2026.4.5"]
[Round "1"]
[White "Guilherme_Ottoni"]
[Black "chessman"]
[Result "1/2-1/2"]
[WhiteElo "2230"]
[BlackElo "1999"]

1. d4 d5 2. c4 c6 3. Nf3 Nf6 4. Qc2 e6 5. Bg5 Be7 6. Nbd2 dxc4 7. Nxc4 O-O 8. e4
Nbd7 9. Bd3 h6 10. Bd2 Nb6 11. O-O Re8 12. Rab1 Nxc4 13. Bxc4 Bd7 14. b4 Rc8 15.
a3 Qc7 16. Bd3 Rcd8 17. Bc3 a6 18. Rfc1 Rc8 19. Qe2 1/2-1/2

[Event "AUTO-MASTER-3300"]
[Site "http://www.queenalice.com/game.php?id=1871464"]
[Date "2026.4.5"]
[Round "1"]
[White "Guilherme_Ottoni"]
[Black "Capixabba789"]
[Result "1-0"]
[WhiteElo "2223"]
[BlackElo "1865"]

1. e4 e5 2. Nf3 d6 3. d4 exd4 4. Qxd4 a6 5. c4 Nc6 6. Qd1 Be7 7. Nc3 Nf6 8. h3
Be6 9. Be3 O-O 10. Qd2 Ne5 11. Nxe5 dxe5 12. O-O-O Qxd2+ 13. Rxd2 Rfd8 14. Be2
Rxd2 15. Bxd2 Rd8 16. Rd1 h6 17. Be3 Rxd1+ 18. Kxd1 Kf8 19. f3 Bb4 20. Nd5 c6
21. Nxb4 1-0

[Event "AUTO-MASTER-3300"]
[Site "http://www.queenalice.com/game.php?id=1871465"]
[Date "2026.4.5"]
[Round "1"]
[White "Capixabba789"]
[Black "Guilherme_Ottoni"]
[Result "0-1"]
[WhiteElo "1863"]
[BlackElo "2224"]

1. d4 Nf6 2. d5 c6 3. dxc6 Nxc6 4. e3 d5 5. Nc3 Bf5 6. a3 e6 7. Nf3 h6 8. Bd3
Bxd3 9. Qxd3 Be7 10. Nd4 Nxd4 11. Qxd4 O-O 12. O-O Nd7 13. Ne2 Bf6 14. Qg4 Ne5
15. Qh3 Qc7 16. Nd4 a6 17. c3 Rfe8 18. f4 Nc4 19. Kh1 Nd6 20. Bd2 Ne4 21. Rad1
Qc4 22. b3 Qc7 23. f5 e5 24. Nf3 Rad8 25. Rc1 Qb6 26. b4 Qb5 27. Be1 Qxf1+ 28.
Ng1 Nf2+ 29. Bxf2 Qxc1 30. Qf3 Qxc3 31. h3 Qxa3 0-1

[Event "AUTO-ELITE-2618"]
[Site "http://www.queenalice.com/game.php?id=1871559"]
[Date "2026.4.6"]
[Round "1"]
[White "Guilherme_Ottoni"]
[Black "ichtus"]
[Result "0-1"]
[WhiteElo "2251"]
[BlackElo "2834"]

1. d4 Nf6 2. c4 c5 3. d5 e6 4. Nc3 exd5 5. cxd5 d6 6. e4 g6 7. f4 Bg7 8. Bb5+
Nfd7 9. a4 O-O 10. Nf3 Na6 11. O-O Nb4 12. Be3 a6 13. Bc4 Nb6 14. Bb3 Bg4 15. a5
Nd7 16. h3 Bxf3 17. Qxf3 c4 18. Ba4 Nd3 19. Qe2 N7c5 20. Bxc5 Nxc5 21. Qxc4 Qxa5
22. b4 b5 23. Bxb5 axb5 24. Nxb5 Qxa1 25. Rxa1 Rxa1+ 26. Kh2 Nd7 27. Nxd6 Ne5
28. Qc7 Nd3 29. Nc8 Bd4 30. Ne7+ Kg7 31. Qc4 Bg1+ 32. Kg3 Ra3 33. Qc7 Ne5+ 0-1

[Event "AUTO-ELITE-2618"]
[Site "http://www.queenalice.com/game.php?id=1871560"]
[Date "2026.4.6"]
[Round "1"]
[White "ichtus"]
[Black "Guilherme_Ottoni"]
[Result "1-0"]
[WhiteElo "2833"]
[BlackElo "2255"]

1. Nf3 Nf6 2. d4 d5 3. Bg5 Ne4 4. Bf4 c5 5. e3 Qb6 6. Nc3 Qa5 7. Bb5+ Bd7 8.
Bxd7+ Nxd7 9. O-O Nxc3 10. bxc3 e6 11. c4 cxd4 12. exd4 dxc4 13. d5 Qxd5 14.
Qxd5 exd5 15. Rfe1+ Kd8 16. Ng5 Bb4 17. Nxf7+ Kc8 18. Nxh8 Bxe1 19. Rxe1 Nf6 20.
Nf7 Kd7 21. Ne5+ 1-0

[Event "AUTO-ELITE-2619"]
[Site "http://www.queenalice.com/game.php?id=1872180"]
[Date "2026.4.18"]
[Round "1"]
[White "Guilherme_Ottoni"]
[Black "Marini"]
[Result "0-1"]
[WhiteElo "2266"]
[BlackElo "2360"]

1. e4 Nc6 2. d4 Nf6 3. d5 Ne5 4. f4 Ng6 5. e5 Ng8 6. Nf3 e6 7. dxe6 dxe6 8.
Qxd8+ Kxd8 9. Be3 Nh6 10. Bd3 Ng4 11. Bd2 Bc5 12. Bxg6 hxg6 13. Nc3 Ne3 14. Bxe3
Bxe3 15. Rd1+ Ke7 16. g3 Bd7 17. Ke2 Bc5 18. h4 Rad8 19. Ng5 b5 20. Nce4 Bb6 21.
Rhe1 a5 22. a3 b4 23. axb4 Bb5+ 24. Kf3 Rxd1 25. Rxd1 axb4 26. Kg2 Bc6 27. Re1
Ra8 28. Nf3 Ra2 29. Nfd2 f5 30. exf6+ gxf6 31. Kh3 Rxb2 32. Rc1 Be3 0-1

[Event "AUTO-ELITE-2619"]
[Site "http://www.queenalice.com/game.php?id=1872181"]
[Date "2026.4.18"]
[Round "1"]
[White "Marini"]
[Black "Guilherme_Ottoni"]
[Result "1-0"]
[WhiteElo "2350"]
[BlackElo "2283"]

1. e4 c5 2. Nf3 e6 3. c4 Nc6 4. d4 cxd4 5. Nxd4 Nf6 6. Nc3 Bb4 7. Nxc6 bxc6 8.
Bd3 e5 9. O-O Bxc3 10. bxc3 d6 11. Qa4 Bd7 12. c5 d5 13. exd5 Nxd5 14. c4 Nf6
15. Bb2 Qe7 16. Rae1 O-O 17. Rxe5 Qd8 18. Rfe1 Qc7 19. Qc2 h6 20. Re7 Rfe8 21.
Bxf6 gxf6 22. Bg6 Rxe7 23. Rxe7 Rb8 24. g3 1-0

[Event "AUTO-MASTER-3302"]
[Site "http://www.queenalice.com/game.php?id=1872230"]
[Date "2026.4.21"]
[Round "1"]
[White "Guilherme_Ottoni"]
[Black "Pipo712"]
[Result "1-0"]
[WhiteElo "2248"]
[BlackElo "2122"]

1. d4 d5 2. Nf3 Nf6 3. e3 e6 4. Bd3 Bd6 5. Nbd2 b6 6. b3 Nbd7 7. Bb2 Bb7 8. O-O
a6 9. c4 O-O 10. Qe2 c5 11. Rac1 Qb8 12. dxc5 bxc5 13. h3 e5 14. cxd5 Nxd5 15.
Nc4 f5 16. Nxd6 Qxd6 17. Bc4 e4 18. Nh2 Nb6 19. Rfd1 Rfd8 20. f3 Qe7 21. fxe4
Qxe4 22. Qf2 Kh8 23. Bxd5 Nxd5 24. Rxc5 Nxe3 25. Re1 Rd1 26. Rc1 Rxe1+ 27. Rxe1
f4 28. Nf1 Qxg2+ 29. Qxg2 Bxg2 30. Nxe3 1-0

[Event "AUTO-MASTER-3302"]
[Site "http://www.queenalice.com/game.php?id=1872231"]
[Date "2026.4.21"]
[Round "1"]
[White "Pipo712"]
[Black "Guilherme_Ottoni"]
[Result "0-1"]
[WhiteElo "2114"]
[BlackElo "2256"]

1. e4 e5 2. Nf3 Nc6 3. Bb5 a6 4. Ba4 Nf6 5. O-O Be7 6. Re1 b5 7. Bb3 d6 8. c3
Na5 9. Bc2 c5 10. h3 O-O 11. d4 Qc7 12. d5 Nc4 13. b3 Nb6 14. Nbd2 c4 15. bxc4
Nxc4 16. Nxc4 Qxc4 17. Bb2 Bd7 18. Bd3 Qc7 19. Rc1 Rac8 20. Qb3 Qa5 21. Ba3 Rfe8
22. Rc2 Bf8 23. Rec1 Nh5 24. Bf1 f5 25. Ng5 fxe4 26. g4 Nf6 27. Bg2 Be7 28. Nxe4
Nxe4 29. Bxe4 Rc4 30. Bb4 Qb6 31. Bd3 Rf4 32. c4 bxc4 33. Rxc4 Qxf2+ 34. Kh1 Rf3
35. Qc2 Rxh3# 0-1

[Event "AUTO-MASTER-3302"]
[Site "http://www.queenalice.com/game.php?id=1872235"]
[Date "2026.4.21"]
[Round "1"]
[White "Pin"]
[Black "Guilherme_Ottoni"]
[Result "1/2-1/2"]
[WhiteElo "2142"]
[BlackElo "2264"]

1. e4 c5 2. Nf3 e6 3. c3 d5 4. e5 d4 5. Bc4 Ne7 6. O-O Nbc6 7. d3 Ng6 8. Re1 Be7
9. Nbd2 dxc3 10. bxc3 O-O 11. Ne4 Ngxe5 12. Nxe5 Nxe5 13. Be3 Nxc4 14. dxc4 Qc7
15. Qf3 Rb8 16. Rad1 Bd7 17. Ng5 Bxg5 18. Bxg5 Bc6 19. Qg4 f6 20. Qxe6+ Qf7 21.
Qxf7+ Rxf7 22. Bf4 Rc8 23. h3 Rd7 24. Rxd7 Bxd7 25. Bd6 Rc6 26. Bg3 Re6 1/2-1/2